| 000 | 004800000a22001690004500 | ||
|---|---|---|---|
| 041 | 0 | _aENG | |
| 082 | 0 | 4 | _aG 266.022 G8161a |
| 100 | 1 | _aGreenway, Rogelio S. (Roger) | |
| 245 | 1 | 0 | _aApostles to the city : Biblical strategies for Urban missions / Roger S. Greenway |
| 260 | _aGrand Rapids, MI., USA : Baker | ||
| 300 | _a96 Pag | ||
| 001 | 7561 | ||
| 942 | _cBK | ||
| 999 |
_c37768 _d37768 |
||
| 336 |
_atexto _btxt _2rdacontent |
||
| 337 |
_2rdamedia _asin mediación _bn |
||
| 338 |
_2rdacarrier _avolumen _bnc |
||